000 00517nam a2200181Ia 4500
999 _c34154
_d34154
003 OSt
005 20200918115649.0
008 190216s9999||||xx |||||||||||||| ||und||
020 _a9788173711244
040 _coclc
082 _a523.01
_bABH/A
100 _aAbhyankar, K D
_94465
245 0 _aAstrophysics Of The Solar System /
_cK D Abhyankar
260 _bUniversities Press,
_aHyderbad:
_c1999.
300 _a255p
650 _aPhysics
942 _cBK
_2ddc
_h523.01
_iABH/A
_k523.01
_mABH/A